| 000 | 00644njm a2200241 c 4500 | ||
|---|---|---|---|
| 999 |
_c219494 _d219494 |
||
| 003 | BLK | ||
| 005 | 20200410094922.0 | ||
| 008 | 180410b bul||n||s|||||||| n|bulo| | ||
| 010 | _aCDD00001859000 | ||
| 040 | _aBLK | ||
| 041 |
_aBUL _cBUL |
||
| 139 | _aНе само с хляб се живее [DVD] | ||
| 245 | 1 | 0 | _aНе само с хляб се живее [DVD] |
| 257 | _aBGR | ||
| 260 | _c2006 | ||
| 380 | _a7 | ||
| 590 | _aS.N: 59608 от КНИГИ | ||
| 852 |
_aЦб CD 5005 _p0 |
||
| 856 | 4 |
_qpdf _u |
|
| 856 | 4 |
_qpdf _u |
|
| 942 |
_cCDD _n0 _s1 |
||
| 944 |
_aCR _c26.05.2006 _kВаля_Йорданова |
||
| 944 |
_aED _c03.10.2007 |
||
| 999 | _d219494 | ||
| 999 | _d219494 | ||
| 999 | _d219494 | ||